Statistics for Ideology to Country

Click here to take the quiz!

General Stats

  • This quiz has been taken 96 times
  • The average score is 9 of 18

Answer Stats

Ideology Country of origin % Correct
MaoismChina
93%
FascismItaly
92%
NazismGermany
92%
StalinismSoviet Union
88%
MarxismGermany
83%
GaullismFrance
82%
ToryismUnited Kingdom
65%
ZapatismoMexico
58%
JucheNorth Korea
51%
PeronismArgentina
43%
Ba'athismSyria
42%
FalangismSpain
40%
Iron GuardRomania
35%
UstaĊĦeCroatia
24%
MetaxismGreece
18%
RexismBelgium
15%
ZborYugoslavia
11%
PancasilaIndonesia
7%

Score Distribution

Percentile by Number Answered

Percent of People with Each Score

Your Score History

You have not taken this quiz